Kryptomeny a ich cenová stabilita bakalárska práca

Gespeichert in:
Bibliographische Detailangaben
1. Verfasser: Micháľ, Michal
Körperschaft: Fakulta hospodárskej informatiky EU. Katedra štatistiky
Weitere Verfasser: Hurbánková, Ľubica, 1980-
Format: Buch
Sprache:Slowakisch
Veröffentlicht: Bratislava 2020
Tags: Tag hinzufügen
Keine Tags, Fügen Sie das erste Tag hinzu!

MARC

LEADER 00000nbm a2200000 4500
001 0264662
005 20210414112655.0
041 0 |a slo 
044 |a SK 
245 1 0 |a Kryptomeny a ich cenová stabilita  |b bakalárska práca  |c Michal Micháľ ; školiteľ: Ľubica Hurbánková 
264 1 |a Bratislava  |c 2020 
300 |a 41 s. 
100 1 |a Micháľ, Michal 
700 1 |a Hurbánková, Ľubica, 1980- 
710 2 |a Fakulta hospodárskej informatiky EU. Katedra štatistiky